| 000 | 00907nam a2200301 a 4500 | ||
|---|---|---|---|
| 003 | AR-BaBNM | ||
| 005 | 20251128210951.0 | ||
| 008 | 082120s2002 ||||||||||||||000 | spa|| | ||
| 020 | _a84-95456-65-6 | ||
| 040 | _cAR-BaBNM | ||
| 100 | 1 | _aWydra, Nancilee | |
| 245 | 1 | 0 |
_aFeng Shui para niños _bcómo diseñar ambientes para que los niños se drsarrollen en un entorno armonioso |
| 260 |
_aBarcelona _bOniro _c2001 |
||
| 300 |
_a244 p. _btablas; il. |
||
| 504 | _aContiene referencias bibliográficas p. 243-244 | ||
| 650 | 4 | _aEDUCACION DE LOS PADRES | |
| 650 | 4 | _aAMBIENTE FAMILIAR | |
| 650 | 4 | _aAMBIENTE FISICO | |
| 650 | 4 | _aDISEÑO ARQUITECTONICO | |
| 650 | 4 | _aDISEÑO DE LA VIVIENDA | |
| 650 | 4 | _aDISEÑO DEL MOBILIARIO | |
| 650 | 4 | _aINFLUENCIA DEL AMBIENTE | |
| 650 | 4 | _aACTITUD DEL NIÑO | |
| 650 | 4 | _aDESARROLLO DEL NIÑO | |
| 650 | 4 | _aAUTOESTIMA | |
| 653 | _aZEN | ||
| 942 | _cBK | ||
| 999 |
_c17672 _d17672 |
||